000 00555nam a2200241Ia 4500
003 OSt
005 20220924152408.0
006 a|||||r|||| 00| 0
007 ta
008 220923b |||||||| |||| 00| 0 mar d
020 _c3.00
024 _a342318
037 _cTextual
040 _aARTS
_cARTS
_bmar
041 _2mar
_amar
082 _aP155, F3
100 _aAapte
_9226555
245 0 _aVyakaran prabodh
260 _c1943
650 _aLINGUISTICS
942 _hP155, F3
_cTEXL
_2CC
999 _c469679
_d469679